Έρωτας : το γελοίο και το δέος : μυθιστόρημα

Αποθηκεύτηκε σε:
Λεπτομέρειες βιβλιογραφικής εγγραφής
Κύριος συγγραφέας: Βαμβουνάκη, Μάρω, 1948-
Μορφή: Βιβλίο
Γλώσσα:Greek
Δημοσίευση: Αθήνα : Φιλλιπότης, 2003.
Έκδοση:4η έκδ.
Σειρά:Ελληνες πεζογράφοι ; v.103
Θέματα:
Ετικέτες: Προσθήκη ετικέτας
Δεν υπάρχουν, Καταχωρήστε ετικέτα πρώτοι!

MARC

LEADER 00000cam a2200000 a 4500
001 1/121532
008 200610s2003####gr | ||| |||| ||gre||
040 |a GR-MyUa  |b gre  |c GR-MyUa  |e AACR2 
041 0 |a gre 
082 7 |a 889.37   |2 (23) 
100 1 |a Βαμβουνάκη, Μάρω,   |d 1948- 
245 1 0 |a Έρωτας :   |b το γελοίο και το δέος : μυθιστόρημα /   |c Μάρω Βαμβουνάκη.  
250 |a 4η έκδ.  
260 |a Αθήνα :   |b Φιλλιπότης,   |c 2003.  
300 |a 262 σ. ;   |c 21 εκ.  
490 1 |a (Έλληνες Πεζογράφοι ;   |v vol.103)  
650 0 |a Greek fiction, Modern  |y 20th century. 
650 0 |a Greek literature, Modern  |y 20th century. 
830 0 |a Ελληνες πεζογράφοι ;  |v  v.103 
852 |a INST  |b RHODES  |e 20200610  |h 889.37 BAM  |p 005400041533  |q 005400041533  |t BK  |y 0 
920 |a Δωρεά βιβλιοθήκης  |y Ρόδος  |z 2020-05 
970 |a Μαρία  |b Κωτάκου  |z 10-06-2020